000 00963nam a22002417a 4500
005 20180209115338.0
010 _a1718EN-30 ENG-121789
020 _a9789332579378
_c569.00
035 _aEN-105321
035 _aB-683892-903
037 _bBSB
_adpl
037 _bDBAD/PUB
082 _a004.0683
100 _aMughal, Khalid A.
245 _aA programmer's guide to Java SE 8 :
_cby Khalid A. Mughal [and] Rolf W. Rasmussen
_boracle certified associate (OCA) : a comprehensive primer /
260 _c2017
_aNoida
_bPearson India
270 _a15th Floor,, Tower-B, World Trade, Plot No.1, Block-C, Sector-16,
_bNoida
_e201301
300 _c23cm(pbk)
_axxxvii,640p.
500 _aIncludes index
700 _aRasmussen, Rolf W.
942 _cEN
_2ddc
_mMUG
_h004.683
999 _c144323
_d144323